UBT Library

Kleppner's advertising procedure / (Record no. 44895)

000 -LEADER
fixed length control field 00956cam a2200301 a 4500
001 - CONTROL NUMBER
control field 14863976
005 - DATE AND TIME OF LATEST TRANSACTION
control field 20180313083644.0
008 - FIXED-LENGTH DATA ELEMENTS--GENERAL INFORMATION
fixed length control field 070524s2008 njua b 001 0 eng
010 ## - LIBRARY OF CONGRESS CONTROL NUMBER
LC control number 2007021990
015 ## - NATIONAL BIBLIOGRAPHY NUMBER
National bibliography number GBA738752
Source bnb
016 7# - NATIONAL BIBLIOGRAPHIC AGENCY CONTROL NUMBER
Record control number 013751208
Source Uk
020 ## - INTERNATIONAL STANDARD BOOK NUMBER
International Standard Book Number 9780132308298
020 ## - INTERNATIONAL STANDARD BOOK NUMBER
International Standard Book Number 0132308290
035 ## - SYSTEM CONTROL NUMBER
System control number (OCoLC)ocn137244753
035 ## - SYSTEM CONTROL NUMBER
System control number (OCoLC)137244753
040 ## - CATALOGING SOURCE
Original cataloging agency DLC
Transcribing agency DLC
Modifying agency YDX
-- BTCTA
-- BAKER
-- YDXCP
-- UKM
-- IJ5
-- DLC
041 ## - LANGUAGE CODE
Language code of text/sound track or separate title eng
080 ## - UNIVERSAL DECIMAL CLASSIFICATION NUMBER
Universal Decimal Classification number 659.1 LAN
082 00 - DEWEY DECIMAL CLASSIFICATION NUMBER
Classification number 659.1 LAN
Edition number 22
100 1# - Rafti
Rafti 60
101 ## - Shkurtesa
Shkurtesa MAR
245 10 - TITLE STATEMENT
Title Kleppner's advertising procedure /
Statement of responsibility, etc W. Ronald Lane, Karen Whitehill King, J. Thomas Russell.
246 30 - VARYING FORM OF TITLE
Title proper/short title Advertising procedure
504 ## - BIBLIOGRAPHY, ETC. NOTE
Bibliography, etc Includes bibliographical references and index.
906 ## - LOCAL DATA ELEMENT F, LDF (RLIN)
a 7
b cbc
c orignew
d 1
e ecip
f 20
g y-gencatlg
942 ## - ADDED ENTRY ELEMENTS (KOHA)
Source of classification or shelving scheme
Item type Books
Holdings
Withdrawn status Lost status Source of classification or shelving scheme Damaged status Not for loan Collection code Permanent location Current location Shelving location Date acquired Total Checkouts Full call number Barcode Date last seen Price effective from Koha item type
          Koleksioni i përgjithshem UBT - Lipjan UBT - Lipjan Koleksioni i përgjithshem 03/13/2018   659.1 LAN 002-3002125 03/13/2018 03/13/2018 Books
UBT Library © 2015-2024. All rights reserved University Education for Business and Technology